| 000 -CABECERA |
| Longitud fija campo de control |
01263cam a2200289 u 4500 |
| 001 - NÚMERO DE CONTROL |
| Número de control |
991060413765006706 |
| 003 - IDENTIFICADOR DEL NÚMERO DE CONTROL |
| Identificador del número de control |
OSt |
| 005 - FECHA Y HORA DE LA ÚLTIMA TRANSACCIÓN |
| Fecha y hora de la última transacción |
20230322140621.0 |
| 008 - CÓDIGOS DE INFORMACIÓN DE LONGITUD FIJA |
| Códigos de información de longitud fija |
220430s2021 spc r 000 0 cat c |
| 015 ## - NÚMERO DE BIBLIOGRAFÍA NACIONAL |
| Número de bibliografía nacional |
LL2022 |
| Fuente |
bnc |
| 017 ## - NÚMERO DE COPYRIGHT O DE DEPÓSITO LEGAL |
| Número de copyright o de depósito legal |
DL V 810-2022 |
| Agencia que asigna el número |
Oficina DL València |
| 020 ## - NÚMERO INTERNACIONAL NORMALIZADO PARA LIBROS |
| Número Internacional Normalizado para Libros (ISBN) |
9788491349440 |
| 040 ## - FUENTE DE LA CATALOGACIÓN |
| Centro catalogador de origen |
ES-BaBM |
| Lengua de catalogación |
cat |
| Normas de descripción |
rda |
| Centro transcriptor |
CDMR |
| 080 ## - NÚMERO DE LA CLASIFICACIÓN DECIMAL UNIVERSAL |
| Número de la Clasificación Decimal Universal |
070.42Fuster, Joan |
| Identificador de la edición |
2004 |
| 245 00 - MENCIÓN DE TÍTULO |
| Título |
Joan Fuster i el periodisme / |
| Mención de responsabilidad, etc. |
J. L. Gómez Mompart, [i 4 més] |
| 264 #1 - PRODUCCIÓN, PUBLICACIÓN , DISTRIBUCIÓN, FABRICACIÓN Y COPYRIGHT |
| Lugar de producción, publicación, distribución, fabricación |
València : |
| Nombre del productor, editor, distribuidor, fabricante |
Universitat de València, |
| Fecha de de producción, publicación, distribución, fabricación o copyright |
2022 |
| 300 ## - DESCRIPCIÓN FÍSICA |
| Extensión |
190 pàgines ; |
| Dimensiones |
21 cm |
| 490 1# - MENCIÓN DE SERIE |
| Mención de serie |
Càtedra Joan Fuster ; |
| Designación de volumen o secuencia |
27 |
| 505 8# - NOTA DE CONTENIDO CON FORMATO |
| Nota de contenido con formato |
Conté: Els lectors i les lectores de Joan Fuster / Josep Lluís Gómez Mompart -- El periodisme en la cultura catalana segons Fuster / Joan Manuel Tresserras -- Pro pane lucrando (per a guanyar-se el pa) / Empar Marco Estellés -- El periodisme de Joan Fuster / Francesc Pérez i Moragón -- Els articles inèdits de Joan Fuster a Serra d'Or / J. Àngel Cano Mateu |
| 600 10 - PUNTO DE ACCESO ADICIONAL DE MATERIA - NOMBRE DE PERSONA |
| Nombre de persona |
Fuster, Joan |
| Fuente de encabezamiento o te&ecute,rmino |
lemac |
| 9 (RLIN) |
2962 |
| 650 #7 - PUNTO DE ACCESO ADICIONAL DE MATERIA - TÉRMINO DE MATERIA |
| Término de materia o nombre geográfico como elemento inicial |
Periodistes |
| Subdivisión geográfica |
Catalunya |
| Subdivisión de forma |
Biografia. |
| Fuente del encabezamiento o término |
lemac |
| 700 12 - PUNTO DE ACCESO ADICIONAL - NOMBRE DE PERSONA |
| Nombre de persona |
Gómez Mompart, Josep Lluís |
| 9 (RLIN) |
1072 |
| 830 #0 - PUNTO DE ACCESO ADICIONAL DE SERIE - TÍTULO UNIFORME |
| Título uniforme |
Càtedra Joan Fuster (Col·lecció) ; |
| Designación de volumen o secuencia |
27 |
| 908 ## - CONTROL DE PARÁMETROS (RLIN) |
| Parametro de comando lanzado |
BMON |
| -- |
UAB |
| -- |
BC |
| 940 ## - |
| T&íacute;tulo uniforme |
<a href="BMON">BMON</a> |
| 942 ## - ENTRADA DE ELEMENTOS AGREGADOS (KOHA) |
| Fuente de clasificaión o esquema |
|
| Koha [por defecto] tipo de item |
Monografies |